| 000 | 00715cab a2200253 4500 | ||
|---|---|---|---|
| 001 | ABS58764 | ||
| 008 | 090401t1998 xxu||||| |||| 00| 0 eng d | ||
| 035 | _a(Sirsi) u86604 | ||
| 041 | _aeng | ||
| 100 | _aWard, C. | ||
| 245 | _aDuty bound | ||
| 260 | _c1998 | ||
| 350 | _a0 | ||
| 490 |
_aLGC Law and Administration _v(13) 22 May 1998, 6-7(2) |
||
| 520 | _aProvides a guide to the potential pitfalls of statutory agreements, through examples of case law. | ||
| 650 | _aPLANNING APPEALS | ||
| 650 | _aPLANNING PERMISSION | ||
| 650 | _aRIGHT OF ACCESS | ||
| 650 | _aSTATUTORY AGREEMENTS | ||
| 650 | _aSTATUTORY AUTHORITY | ||
| 690 | _aPLANNING LAW AND PRACTICE | ||
| 942 | _n0 | ||
| 948 | _c05/06/1998 | ||
| 999 |
_c54528 _d54528 |
||